| 000 | 00411nam a2200145Ia 4500 | ||
|---|---|---|---|
| 008 | 230917s9999||||xx |||||||||||||| ||und|| | ||
| 040 |
_e5007106 _aMAIN |
||
| 041 | _aEnglish | ||
| 082 | _a352.054 N292I | ||
| 100 | _aNeelam Singh | ||
| 245 | 0 | _aImplementation of national rural livelihoods mission (NRLM) an empirical study of select districts in Haryana | |
| 260 | _c2022 | ||
| 300 | _ax, 170 p. | ||
| 942 | _cBK | ||
| 999 |
_c9779 _d9779 |
||